000 00776nam a22002055i 4500
001 152019
003 ES-MaACL
005 20251002204327.0
008 020711s1886 fr a |||| | fre d
040 _aCCPB | B
_bspa
_cCCPB | B
100 1 _aBerthelot, Marcellin,
_d1827-1907
_9125961
245 1 0 _aTraité élémentaire de chimie organique /
_cpar M. Berthelot et E. Jungfleisch.
250 _a3ème éd. rev. et considérablement augm.
260 _aParis :
_bCh. Dunod,
_c1886.
300 _a2 v. :
_bil. ;
_c24 cm.
650 7 _aQuímica orgánica
_2embne
_9136799
700 1 _aJungfleisch, Émile,
_d1839-1916
_9128399
852 _aES-MaACL
_jF-10701-02
_z-- Enc. piel
_x-- Completar T260: (Bourloton: Imprimeries réunies)
999 _c152019
_d152019